Rozšírenie významovej štruktúry slova zaujímavý

Bibliographic Details
Main Author: Pisárčiková, Mária, 1937- (Author)
Format: Article
Language:Slovak
ISSN:0023-5202
Subjects:

MARC

LEADER 00000nab a2200000 a 4500
001 vtls000570665
003 SK-MaSNL
005 20260304094930.0
008 250425c1995 xo 0 slo
015 |a SNBRB19rr/mm-uuuuu 
035 |a CL0570803 
035 |a urn:nbn:sk:snk-ab1ltk 
035 |a (urnnbn)urn:nbn:sk:snk:ar-004hre 
035 |a (uuid)d1bc532a-e12a-450e-befe-6042fb42f6dd 
040 |a SNKBUCL  |b slo  |c SNKBUCL  |e AACR2 
041 0 |a slo 
044 |a xo  |c SK 
080 |a 801.541.2:808.54-23  |2 1981 
080 |a 808.54-23  |2 1981 
080 |a 801.23  |2 1981 
080 |a 808.54-54  |2 1981 
100 1 |a Pisárčiková, Mária,  |d 1937-  |4 aut  |9 90042 
245 1 0 |a Rozšírenie významovej štruktúry slova zaujímavý  |c Mária Pisárčiková 
650 0 7 |a slovenčina  |2 snkbucl  |9 1350 
650 0 7 |a prídavné mená  |2 snkbucl  |9 1324 
773 0 |t Kultúra slova  |g Roč. 29, č. 4 (1995), s. 224-225  |x 0023-5202 
850 |a Slovenská národná knižnica 
852 |a Slovenská národná knižnica 
954 |a odborná, vedecká literatúra pôvodná (slovenská)  |2 lita 
958 |a article27 
958 |a OND 
958 |a SK 
958 |a RK 
958 |a EUIPO 
999 |c 2829776  |d 2831706